| 000 | 01522nam a2200421 c 4500 | ||
|---|---|---|---|
| 001 | 52503 | ||
| 003 | ES-MaCES | ||
| 005 | 20250203134035.0 | ||
| 008 | 221026s2022 sp 100 | spa d | ||
| 017 |
_aM 13768-2022 _bDL |
||
| 020 | _a9788419032379 | ||
| 040 |
_aES-MaCES _bspa _cES-MaCES |
||
| 041 | 1 |
_aspa _heng |
|
| 111 | 2 |
_940526 _a Jornadas sobre los Nuevos Retos de la Corte Internacional de Justicia _n3ª _d2022 _cMadrid |
|
| 245 | 1 | 4 |
_aLos desafíos de la Corte Internacional de Justicia frente a los derechos humanos _cIII Jornadas sobre los Nuevos Retos de la Corte Internacional de Justicia ; dirs., Soledad Torrecuadrada García-Lozano, Carlos Espósito |
| 250 | _a1ª ed | ||
| 260 |
_aLas Rozas (Madrid) _bWolters Kluwer-La Ley _c2022 |
||
| 300 |
_a274 p. _c24 cm |
||
| 500 | _aBibliografía | ||
| 541 | _cCompra | ||
| 650 | 4 |
_atribunal internacional _929887 |
|
| 650 | 4 |
_aderechos humanos _927171 |
|
| 650 | 4 |
_agenocidio _929417 |
|
| 650 | 4 |
_adiscriminación racial _927190 |
|
| 650 | 4 |
_amigración _928635 |
|
| 650 | 4 |
_amigrante _928634 |
|
| 650 | 4 |
_apatrimonio cultural _927264 |
|
| 650 | 4 |
_aestudio de casos _928846 |
|
| 650 | 4 |
_aderecho internacional _926684 |
|
| 650 | 4 |
_ajurisprudencia _928624 |
|
| 650 | 4 |
_acampo de aplicación _930263 |
|
| 650 | 4 |
_aconferencia _927013 |
|
| 653 | 1 | 0 | _aDerecho internacional |
| 700 | 1 |
_940525 _aTorrecuadrada García-Lozano, Soledad _edir. |
|
| 700 | 1 |
_935887 _aEspósito, Carlos _edir. |
|
| 902 | _aLIB Libro | ||
| 942 |
_2CES _cBK _h6.0.6. |
||
| 999 |
_c52503 _d52503 |
||